Documento dirigido a Eduardo Goroztiza (Record no. 4725)
[ view plain ]
| 000 -CABECERA | |
|---|---|
| campo de control de longitud fija | 01653nam a2200325 a 4500 |
| 001 - NÚMERO DE CONTROL | |
| campo de control | BRCA_5031 |
| 005 - FECHA Y HORA DE LA ÚLTIMA TRANSACCIÓN | |
| campo de control | 20190320204918.0 |
| 008 - DATOS DE LONGITUD FIJA--INFORMACIÓN GENERAL | |
| campo de control de longitud fija | 031110s1836----gw-######v---#000-0#spa-# |
| 041 ## - CÓDIGO DE LENGUA | |
| Código de lengua del texto/banda sonora o título independiente | spa |
| 044 ## - CÓDIGO DEL PAÍS DE LA ENTIDAD EDITORA/PRODUCTORA | |
| Código MARC del país | gw |
| 084 ## - OTRO NÚMERO DE CLASIFICACIÓN | |
| Número de clasificación | DOC98 |
| Número de documento/Ítem | .G67 |
| -- | 1836 |
| 100 1# - ENTRADA PRINCIPAL--NOMBRE DE PERSONA | |
| Nombre de persona | Goroztiza y Cepeda, Manuel María del Pilar Eduardo |
| Fechas asociadas al nombre | 1789-1851 |
| 9 (RLIN) | 12850 |
| 245 10 - MENCIÓN DE TÍTULO | |
| Título | Documento dirigido a Eduardo Goroztiza |
| Mención de responsabilidad, etc. | Eduardo Goroztiza, Luis G. Cuevas. |
| 260 ## - PUBLICACIÓN, DISTRIBUCIÓN, ETC. | |
| Lugar de publicación, distribución, etc. | Berlín, Alemania |
| Fecha de publicación, distribución, etc. | 1836 |
| 300 ## - DESCRIPCIÓN FÍSICA | |
| Extensión | [3] fojas |
| Dimensiones | 25 x 20 cm |
| 500 ## - NOTA GENERAL | |
| Nota general | Documento expedido el 17 de febrero de 1836 en Berlín |
| 500 ## - NOTA GENERAL | |
| Nota general | Luis G. Cuevas escribe a Eduardo Goroztiza comunicándole haber recibido orden del Oficial Mayor de Relaciones de su nombramiento en la Legación Alemana y al mismo tiempo el nombramiento para él en los negocios de Francia. Firma Luis G. Cuevas |
| 500 ## - NOTA GENERAL | |
| Nota general | El documento contiene la leyenda DOC. #259 |
| 500 ## - NOTA GENERAL | |
| Nota general | Papel con marca de agua |
| 500 ## - NOTA GENERAL | |
| Nota general | Al margen: LEGACIÓN DE LOS E.U. MEXICANOS CERCA DE S.S.M.M. LOS REYES DE PRUSIA Y SAXONIA |
| 500 ## - NOTA GENERAL | |
| Nota general | Tiene sello lacrado |
| 500 ## - NOTA GENERAL | |
| Nota general | Estado de conservación: Contiene manchas de acidificación |
| 506 0# - NOTA DE RESTRICCIONES AL ACCESO | |
| Limitaciones de acceso | Fondo reservado: para su consulta es necesario credencial de usuario y carta de motivos |
| 546 ## - NOTA DE LENGUA/LENGUAJE | |
| Nota de lengua/lenguaje | Texto en: español de mediados del siglo XIX |
| 600 14 - PUNTO DE ACCESO ADICIONAL DE MATERIA--NOMBRE DE PERSONA | |
| Nombre de persona | Goroztiza y Cepeda, Manuel María del Pilar Eduardo |
| Fechas asociadas al nombre | 1789-1851 |
| 9 (RLIN) | 12850 |
| 650 14 - PUNTO DE ACCESO ADICIONAL DE MATERIA--TÉRMINO DE MATERIA | |
| Término de materia o nombre geográfico como elemento de entrada | Relaciones internacionales |
| Subdivisión de forma | Impreso con rúbricas |
| Subdivisión general | Historia |
| Subdivisión cronológica | Federalismo y centralismo, 1824-1853 |
| Subdivisión geográfica | México |
| 9 (RLIN) | 12851 |
| 700 1# - PUNTO DE ACCESO ADICIONAL--NOMBRE DE PERSONA | |
| Nombre de persona | Gonzanza Cuevas, Luis |
| Títulos y otros términos asociados al nombre | Secretario de Relaciones Exteriores |
| Fechas asociadas al nombre | 1799-1867 |
| 9 (RLIN) | 12852 |
| 902 ## - CATALOGADOR | |
| Iniciales | FDH |
| 942 ## - ELEMENTOS DE PUNTO DE ACCESO ADICIONAL (KOHA) | |
| Fuente del sistema de clasificación o colocación | Library of Congress Classification |
| Tipo de ítem Koha | Documentos |
| Estado de retiro | Estado de pérdida | Estado dañado | No para préstamo | Localización permanente | Ubicación/localización actual | Fecha de adquisición | Total de préstamos | Signatura topográfica completa | Código de barras | Fecha visto por última vez | Precio válido a partir de | Tipo de ítem Koha |
|---|---|---|---|---|---|---|---|---|---|---|---|---|
| El ejemplar forma parte de la colección y puede ser consultado según las políticas vigentes. | Biblioteca del Museo Franz Mayer (Rogerio Casas-Alatriste) | Biblioteca del Museo Franz Mayer (Rogerio Casas-Alatriste) | 03/11/2010 | DOC98 .G67 1836 | 5129 | 22/03/2019 | 22/03/2019 | Documentos |